[Event "Znojemska Rotunda Open 2024 - turnaj A"]
[Site "Loucky klaster ve Znojme – Klasterni, 671 81 Znojmo (stukove saly)"]
[Date "2024.06.25"]
[Round "3.7"]
[White "Adharsh, K"]
[Black "Borkovec, Ondrej"]
[Result "1-0"]
[WhiteFideId "25718207"]
[BlackFideId "23733853"]
[WhiteElo "1927"]
[BlackElo "1708"]
[EventDate "2024.06.23"]

1. e4 c5 2. Nf3 e6 3. d4 cxd4 4. Nxd4 a6 5. c4 Nf6 6. Bd3 d6 7. O-O Be7 8. Nc3
O-O 9. h3 b6 10. Re1 Bb7 11. Bc2 Nbd7 12. b3 Rc8 13. a4 Qc7 14. Bg5 Rfe8 15.
Bh4 Nxe4 16. Nxe4 Bxh4 17. Qh5 Bf6 18. Ng5 Bxg5 19. Qxh7+ Kf8 20. Nf5 1-0

[Event "Znojemska Rotunda Open 2024 - turnaj A"]
[Site "Loucky klaster ve Znojme – Klasterni, 671 81 Znojmo (stukove saly)"]
[Date "2024.06.25"]
[Round "3.8"]
[White "Hemala, Lubos"]
[Black "Luc, Martin"]
[Result "0-1"]
[WhiteFideId "336564"]
[BlackFideId "390356"]
[WhiteElo "1907"]
[BlackElo "1822"]
[EventDate "2024.06.23"]

1. e4 c5 2. Nf3 Nc6 3. d4 cxd4 4. Nxd4 e5 5. Nb5 d6 6. c4 a6 7. N5c3 Nf6 8. Be3
Be6 9. f3 Rc8 10. Nd5 Bxd5 11. exd5 Nb8 12. Nc3 g6 13. Qd2 Bg7 14. Bh6 O-O 15.
O-O-O b5 16. Bxg7 Kxg7 17. cxb5 Qa5 18. Kb1 axb5 19. Nxb5 Qb6 20. b3 Rc5 21.
Bc4 Rxb5 22. Bxb5 Qxb5 23. Qd3 Qb7 24. Rd2 Na6 25. f4 Nb4 26. Qf3 e4 27. Qg3
Nfxd5 28. Rc1 e3 29. Rd4 Qa6 30. Rc2 Nxc2 31. Kxc2 Qe2+ 32. Kc1 Rc8+ 33. Rc4
Qd2+ 0-1

[Event "Znojemska Rotunda Open 2024 - turnaj A"]
[Site "Loucky klaster ve Znojme – Klasterni, 671 81 Znojmo (stukove saly)"]
[Date "2024.06.25"]
[Round "3.9"]
[White "Molik, Jakub"]
[Black "Mayer, Josef"]
[Result "0-1"]
[WhiteFideId "23732687"]
[BlackFideId "310972"]
[WhiteElo "1657"]
[BlackElo "1927"]
[EventDate "2024.06.23"]
[PlyCount "44"]

1. e4 g6 2. d4 Bg7 3. Nc3 d6 4. f4 Nf6 5. Nf3 c5 6. Bb5+ Bd7 7. e5 Ng4 8. h3
cxd4 9. Qxd4 Bxb5 10. Nxb5 Nc6 11. Qd5 Nh6 12. exd6 O-O 13. Kf2 exd6 14. Be3
Nf5 15. Rhe1 Re8 16. c3 Nxe3 17. Rxe3 Rxe3 18. Kxe3 Qb6+ 19. Nfd4 Ne7 20. Qb3
a6 21. Na3 Bxd4+ 22. cxd4 Nf5+ 0-1

[Event "Znojemska Rotunda Open 2024 - turnaj A"]
[Site "Loucky klaster ve Znojme – Klasterni, 671 81 Znojmo (stukove saly)"]
[Date "2024.06.25"]
[Round "4.1"]
[White "Molik, Zdenek"]
[Black "Sanket, Chakravarty"]
[Result "0-1"]
[WhiteFideId "314374"]
[BlackFideId "25032038"]
[WhiteElo "2131"]
[BlackElo "2357"]
[EventDate "2024.06.23"]

1. e4 c5 2. Nf3 Nc6 3. Bb5 g6 4. O-O Bg7 5. Bxc6 dxc6 6. Nc3 e5 7. d3 Bg4 8. h3
Bxf3 9. Qxf3 Nf6 10. Bg5 Qd6 11. Qe3 h6 12. Bxf6 Bxf6 13. f4 exf4 14. Qxf4 Bd4+
15. Kh1 Qxf4 16. Rxf4 Be5 17. Rf3 Ke7 18. Raf1 f6 19. Nd1 b5 20. Re1 Rhd8 21.
b3 a5 22. Ne3 a4 23. Ng4 Bc3 24. Re2 h5 25. Ne3 Ra7 26. g4 hxg4 27. Nxg4 axb3
28. axb3 Ra1+ 29. Kg2 Rda8 30. Rf1 Rxf1 31. Kxf1 Ra1+ 32. Kg2 Bd4 33. Ne3 Rc1
34. Nf1 Kd7 35. Nh2 Rg1+ 36. Kf3 Kc7 37. Rg2 Rh1 38. Kg4 Kb6 39. Nf3 Ba1 40. h4
Bb2 41. Rg1 Rxg1+ 42. Nxg1 Ka5 43. Ne2 c4 44. bxc4 bxc4 45. d4 Kb4 46. Kf4 c5
47. d5 Be5 48. Kg4 Bd6 49. Nf4 Kc3 50. Nxg6 Kxc2 51. h5 c3 52. h6 Kd3 53. h7 c2
54. h8=Q c1=Q 55. Qxf6 Qg1+ 56. Kh5 Qh2+ 57. Kg5 Kxe4 58. Qf5+ Kd4 59. Qf3 c4
60. Kf6 c3 61. Ke6 c2 62. Qg4+ Kc5 63. Qa4 Qe2+ 64. Kd7 Qb5+ 0-1

[Event "Znojemska Rotunda Open 2024 - turnaj A"]
[Site "Loucky klaster ve Znojme – Klasterni, 671 81 Znojmo (stukove saly)"]
[Date "2024.06.25"]
[Round "4.2"]
[White "Zemlicka, Vit"]
[Black "Bures, Jaroslav"]
[Result "1/2-1/2"]
[WhiteFideId "303143"]
[BlackFideId "322890"]
[WhiteElo "1998"]
[BlackElo "2418"]
[EventDate "2024.06.23"]

1. e4 c6 2. d4 d5 3. exd5 cxd5 4. Bd3 Nc6 5. c3 Qc7 6. h3 e6 7. Nf3 Bd6 8. O-O
Bd7 9. Re1 Nge7 10. b3 h6 11. Na3 a6 12. Nc2 Na7 13. c4 dxc4 14. bxc4 Ba4 15.
Qe2 Bxc2 16. Bxc2 Nac6 17. Bb2 O-O-O 18. Bb3 Qa5 19. Red1 Bc7 20. Rac1 Rhe8 21.
Bc3 Qa3 22. Qb2 Qxb2 23. Bxb2 Na5 24. Ba4 Rg8 25. Ba3 Bd6 26. Bb2 Kb8 27. Bc3
Nxc4 28. Ne5 Bxe5 29. dxe5 b5 30. Bb3 Rxd1+ 31. Rxd1 Nd5 32. Bd4 Rc8 33. a4 Kb7
34. axb5 axb5 35. Ra1 Ndb6 36. Bd1 Ra8 37. Bf3+ Nd5 38. Rxa8 Kxa8 39. Be4 b4
40. f4 b3 41. Kf2 Kb7 42. Ke2 Kc6 43. Kd3 Kb5 44. Bxd5 exd5 45. f5 Kc6 46. Kc3
b2 47. Kc2 h5 48. g3 Na3+ 49. Kxb2 Nb5 50. Bf2 d4 51. Kc2 Kd5 52. e6 fxe6 53.
fxe6 Kxe6 54. Kd3 Ke5 55. Bg1 g5 56. Bf2 g4 57. hxg4 hxg4 58. Bg1 Kd5 59. Bf2
Ke5 60. Ke4+ 1/2-1/2

[Event "Znojemska Rotunda Open 2024 - turnaj A"]
[Site "Loucky klaster ve Znojme – Klasterni, 671 81 Znojmo (stukove saly)"]
[Date "2024.06.25"]
[Round "4.3"]
[White "Vyskocil, Neklan"]
[Black "Adharsh, K"]
[Result "0-1"]
[WhiteFideId "307106"]
[BlackFideId "25718207"]
[WhiteElo "2288"]
[BlackElo "1927"]
[EventDate "2024.06.23"]

1. d4 Nf6 2. Bf4 d6 3. Nc3 g6 4. e4 Bg7 5. h3 O-O 6. Nf3 Nbd7 7. e5 Ne8 8. Qd2
c5 9. dxc5 Nxc5 10. O-O-O Qa5 11. Kb1 Kh8 12. Nd5 Qd8 13. Qe3 Bf5 14. Nc3 Qa5
15. Bh6 dxe5 16. Bxg7+ Nxg7 17. Qxe5 f6 18. Qe3 e5 19. Bc4 Rac8 20. g4 Na4 21.
gxf5 Nxc3+ 22. Qxc3 Qxc3 23. bxc3 Rxc4 24. fxg6 Rxc3 25. Nh4 Rc4 26. Ng2 hxg6
27. Rd7 Rb4+ 28. Kc1 Nf5 29. Rhd1 Kg8 30. c3 Rb6 31. Rc7 Rf7 32. Rd8+ Kg7 33.
Rcc8 Ne7 34. Ra8 a6 35. Ne3 Rc6 36. Kb2 f5 37. Rab8 Rc7 38. Kb3 Rf6 39. Re8
Rb6+ 40. Kc2 Rbc6 41. Kb2 Rd7 42. Kb3 b5 43. h4 Kf7 44. Rh8 Rdc7 45. h5 gxh5
46. Rxh5 Rxc3+ 47. Kb2 Rd3 48. Rh7+ Kg6 49. Rh2 Rd2+ 50. Kb3 f4 51. Rg2+ Kf7
52. Ng4 Ke6 53. Rh8 a5 54. Rgh2 Nf5 55. Re8+ Kd7 56. Rh7+ Kxe8 57. Rxc7 Nd4+
 0-1

[Event "Znojemska Rotunda Open 2024 - turnaj A"]
[Site "Loucky klaster ve Znojme – Klasterni, 671 81 Znojmo (stukove saly)"]
[Date "2024.06.25"]
[Round "4.4"]
[White "Praveen, K B"]
[Black "Manik, Mikulas"]
[Result "0-1"]
[WhiteFideId "25618920"]
[BlackFideId "14900734"]
[WhiteElo "1771"]
[BlackElo "2343"]
[EventDate "2024.06.23"]

1. d4 Nf6 2. Bf4 c5 3. e3 Qb6 4. Nc3 d6 5. Rb1 Nbd7 6. Nf3 g6 7. Be2 Bg7 8. h3
O-O 9. O-O a6 10. Re1 Qc7 11. a4 Nb6 12. Bh2 cxd4 13. exd4 Re8 14. Bd3 Bd7 15.
Ra1 Rac8 16. a5 Nc4 17. Bxc4 Qxc4 18. Ne5 dxe5 19. dxe5 Bc6 20. exf6 exf6 21.
Qg4 Qc5 22. Red1 f5 23. Qh4 Be4 24. Nxe4 Rxe4 25. Rd8+ Bf8 26. Qf6 Re6 27. Rxc8
Qxc8 28. Qd4 Qxc2 29. Be5 Qc5 30. Qxc5 Bxc5 31. Bc3 Kf8 32. Kf1 Ke8 33. Ra4 Re4
34. Ra1 h5 35. Rd1 Bb4 36. Bf6 Bxa5 37. g3 Re6 38. Bg5 f6 39. Bf4 Bd8 40. Be3
Bc7 41. Kg2 Bb6 42. Bxb6 Rxb6 43. Rd2 Rb3 44. h4 a5 45. Kf1 a4 46. Ke2 b5 47.
Kd1 b4 48. Kc2 Rf3 49. Kd1 a3 50. bxa3 bxa3 51. Ke2 Rb3 52. Rd6 a2 53. Ra6 Rb2+
54. Kf3 Kd7 55. Ke3 Kc7 56. f4 Kb7 57. Ra5 Kb6 58. Ra8 Kc5 59. Rc8+ Kb4 60.
Rb8+ Kc3 61. Rc8+ Kb3 62. Ra8 Rb1 0-1

[Event "Znojemska Rotunda Open 2024 - turnaj A"]
[Site "Loucky klaster ve Znojme – Klasterni, 671 81 Znojmo (stukove saly)"]
[Date "2024.06.25"]
[Round "4.5"]
[White "Marek, Jakub"]
[Black "Buchta, Vaclav"]
[Result "0-1"]
[WhiteFideId "350702"]
[BlackFideId "23739118"]
[WhiteElo "1932"]
[BlackElo "2099"]
[EventDate "2024.06.23"]

1. e4 Nf6 2. Nc3 d5 3. exd5 Nxd5 4. Nxd5 Qxd5 5. d3 e5 6. Ne2 Be6 7. Nc3 Qd7 8.
Be2 Nc6 9. O-O Be7 10. Re1 O-O-O 11. a3 g5 12. b4 Nd4 13. Be3 f5 14. Bf1 Bf6
15. Bxd4 Qxd4 16. Na4 b6 17. c3 Qd5 18. c4 Qd7 19. Qc2 Kb8 20. Rad1 h5 21. c5
Bd5 22. Nc3 Bb7 23. a4 h4 24. b5 bxc5 25. a5 h3 26. f3 g4 27. b6 cxb6 28. axb6
axb6 29. Rb1 Qd4+ 30. Qf2 Qxf2+ 31. Kxf2 e4 32. Na4 hxg2 33. Bxg2 Bh4+ 0-1

[Event "Znojemska Rotunda Open 2024 - turnaj A"]
[Site "Loucky klaster ve Znojme – Klasterni, 671 81 Znojmo (stukove saly)"]
[Date "2024.06.25"]
[Round "4.6"]
[White "Luc, Martin"]
[Black "Svoboda, Frantisek"]
[Result "1-0"]
[WhiteFideId "390356"]
[BlackFideId "348937"]
[WhiteElo "1822"]
[BlackElo "1753"]
[EventDate "2024.06.23"]

1. e4 d6 2. d4 Nf6 3. Nc3 Nbd7 4. f4 e5 5. Nf3 exd4 6. Nxd4 Nc5 7. Qf3 Be7 8.
h3 c6 9. Be3 Qc7 10. g4 g6 11. O-O-O Bd7 12. Be2 O-O-O 13. g5 Nh5 14. b4 Ne6
15. Ndb5 cxb5 16. Nd5 Qb8 17. Nxe7+ Kc7 18. Nd5+ Kc8 19. Ne7+ Kc7 20. f5 Neg7
21. e5 Nxf5 22. exd6+ Nxd6 23. Rxd6 Kxd6 24. Bc5+ Kc7 25. Qd5 Bc6 26. Qe5+ 1-0

[Event "Znojemska Rotunda Open 2024 - turnaj A"]
[Site "Loucky klaster ve Znojme – Klasterni, 671 81 Znojmo (stukove saly)"]
[Date "2024.06.25"]
[Round "4.7"]
[White "Borkovec, Ondrej"]
[Black "Dvorak, Libor"]
[Result "1/2-1/2"]
[WhiteFideId "23733853"]
[BlackFideId "316598"]
[WhiteElo "1708"]
[BlackElo "1990"]
[EventDate "2024.06.23"]

1. d4 Nf6 2. c4 c5 3. d5 b5 4. cxb5 a6 5. b6 g6 6. Nc3 d6 7. a4 Qxb6 8. a5 Qc7
9. e4 Bg7 10. f4 O-O 11. Nf3 Bg4 12. Bc4 e6 13. O-O exd5 14. Nxd5 Nxd5 15. Bxd5
Nc6 16. Qa4 Bd7 17. Qd1 Rab8 18. f5 Nb4 19. fxg6 hxg6 20. Bf4 Nxd5 21. Qxd5 Be6
22. Qxd6 Qa7 23. Be3 Rfc8 24. Rac1 Rb5 25. b4 Bf8 26. Qd2 Qc7 27. Nd4 cxd4 28.
Rxc7 dxe3 29. Qc3 Rxc7 30. Qxc7 e2 31. Re1 Bxb4 32. Kf2 Bxe1+ 33. Kxe1 Rb2 34.
h3 Ra2 35. Qc3 Bd7 36. Qb3 Be6 37. Qb8+ Kh7 38. Qb4 Rc2 39. Qb1 Ra2 40. Qb4 Rc2
41. Qb1 Ra2 42. Qb4 1/2-1/2

[Event "Znojemska Rotunda Open 2024 - turnaj A"]
[Site "Loucky klaster ve Znojme – Klasterni, 671 81 Znojmo (stukove saly)"]
[Date "2024.06.25"]
[Round "4.8"]
[White "Mayer, Josef"]
[Black "Glacner, Karel"]
[Result "1-0"]
[WhiteFideId "310972"]
[BlackFideId "326020"]
[WhiteElo "1927"]
[BlackElo "1646"]
[EventDate "2024.06.23"]

1. c4 e5 2. Nc3 c6 3. d4 exd4 4. Qxd4 Qf6 5. Qd1 Qd6 6. Qc2 Nf6 7. g3 Qe6 8. b3
Bc5 9. Bg2 Na6 10. Nf3 d5 11. cxd5 Nb4 12. Qd2 Nbxd5 13. Nxd5 cxd5 14. O-O O-O
15. Bb2 Ne4 16. Qd3 Rd8 17. Nd4 Qf6 18. Rad1 Bf5 19. Nxf5 Qxf5 20. e3 Qg6 21.
Qb5 Qg5 22. Qe2 Rd6 23. Rd3 Qf5 24. Rfd1 Re8 25. Bd4 g5 26. Bxc5 Nxc5 27. Rxd5
Qg6 28. Rxd6 Ne6 29. Qc4 Qg7 30. Bd5 Qe5 31. Bxe6 fxe6 32. Qd4 Qf5 33. Rd7 Qg6
34. Rd8 g4 35. Rxe8+ Qxe8 36. Qd8 Kf7 37. Rd7+ Qxd7 38. Qxd7+ Kf6 39. f4 b5 40.
e4 b4 41. Qxh7 1-0

[Event "Znojemska Rotunda Open 2024 - turnaj A"]
[Site "Loucky klaster ve Znojme – Klasterni, 671 81 Znojmo (stukove saly)"]
[Date "2024.06.25"]
[Round "4.10"]
[White "Vejlupek, Pavel"]
[Black "Molik, Jakub"]
[Result "0-1"]
[WhiteFideId "23759399"]
[BlackFideId "23732687"]
[WhiteElo "1713"]
[BlackElo "1657"]
[EventDate "2024.06.23"]
[PlyCount "76"]

1. e4 c5 2. c3 d5 3. exd5 Qxd5 4. Nf3 Bg4 5. Be2 Nc6 6. Na3 e5 7. Nc2 e4 8. Ne3
Qh5 9. Ng1 Bxe2 10. Nxe2 O-O-O 11. O-O Bd6 12. h3 f5 13. f4 Nf6 14. d3 exd3 15.
Qxd3 Ne4 16. Nd5 Qf7 17. Rd1 Rhe8 18. Be3 g6 19. Qb5 Ne7 20. c4 Nxd5 21. Rxd5
Qe7 22. Qb3 Nc3 23. Qxc3 Qxe3+ 24. Qxe3 Rxe3 25. Nc3 Bxf4 26. Rxc5+ Kb8 27. Nd5
Bd6 28. Rb5 Re2 29. Kf1 Rde8 30. Rb3 Bc5 31. Rf3 Rxb2 32. Nc3 Re3 33. Rxe3 Bxe3
34. Nd1 Rc2 35. Nxe3 Rc3 36. Ke2 f4 37. Kd2 Rxe3 38. a4 Rg3 0-1

[Event "Znojemska Rotunda Open 2024 - turnaj A"]
[Site "Loucky klaster ve Znojme – Klasterni, 671 81 Znojmo (stukove saly)"]
[Date "2024.06.26"]
[Round "5.1"]
[White "Sanket, Chakravarty"]
[Black "Bures, Jaroslav"]
[Result "1/2-1/2"]
[WhiteFideId "25032038"]
[BlackFideId "322890"]
[WhiteElo "2357"]
[BlackElo "2418"]
[EventDate "2024.06.23"]

1. Nf3 d5 2. d4 Nf6 3. e3 e6 4. Bd3 c5 5. b3 Nbd7 6. Bb2 b6 7. Nbd2 Bb7 8. O-O
Be7 9. Ne5 O-O 10. Qf3 Rc8 11. Qh3 h6 12. f4 cxd4 13. exd4 Ne4 14. Bxe4 dxe4
15. c4 Nxe5 16. fxe5 b5 17. Rae1 Qa5 18. Nxe4 Qxa2 19. Bc1 Qc2 20. Rf2 Qxe4 21.
Rxe4 Bxe4 22. c5 a5 23. Bxh6 1/2-1/2

[Event "Znojemska Rotunda Open 2024 - turnaj A"]
[Site "Loucky klaster ve Znojme – Klasterni, 671 81 Znojmo (stukove saly)"]
[Date "2024.06.26"]
[Round "5.2"]
[White "Adharsh, K"]
[Black "Luc, Martin"]
[Result "1/2-1/2"]
[WhiteFideId "25718207"]
[BlackFideId "390356"]
[WhiteElo "1927"]
[BlackElo "1822"]
[EventDate "2024.06.23"]

1. e4 c5 2. Nf3 Nc6 3. d4 cxd4 4. Nxd4 e5 5. Nb5 d6 6. c4 a6 7. N5c3 Nf6 8. Be3
Be6 9. Nd5 Bxd5 10. cxd5 Nd4 11. Nd2 Rc8 12. Bd3 Be7 13. O-O O-O 14. h3 Nd7 15.
b4 Bf6 16. Nc4 Nb6 17. Na5 Qd7 18. Qd2 g6 19. Rfc1 Rxc1+ 20. Rxc1 Rc8 21. Rxc8+
Nxc8 22. Qb2 Na7 23. Nb3 Nxb3 24. Qxb3 Nb5 25. Qa4 Kg7 26. Bxb5 axb5 27. Qc2
Bd8 28. Qd3 Bc7 29. Kh1 Bd8 30. Qe2 Be7 31. Bb6 Bf6 32. Be3 Bd8 33. Qc2 Bc7 34.
Qc3 Bd8 35. Ba7 Be7 36. Bb8 Bd8 37. Qe3 Bc7 38. Ba7 Bd8 39. Qc3 Bf6 40. Bb8 Bd8
41. g4 1/2-1/2

[Event "Znojemska Rotunda Open 2024 - turnaj A"]
[Site "Loucky klaster ve Znojme – Klasterni, 671 81 Znojmo (stukove saly)"]
[Date "2024.06.26"]
[Round "5.3"]
[White "Manik, Mikulas"]
[Black "Buchta, Vaclav"]
[Result "1/2-1/2"]
[WhiteFideId "14900734"]
[BlackFideId "23739118"]
[WhiteElo "2343"]
[BlackElo "2099"]
[EventDate "2024.06.23"]

1. e4 Nf6 2. e5 Nd5 3. d4 d6 4. Nf3 g6 5. Bc4 Nb6 6. Bb3 Bg7 7. O-O O-O 8. Qe2
Bg4 9. e6 d5 10. exf7+ Rxf7 11. Nbd2 Nc6 12. c3 e5 13. h3 Bxf3 14. Nxf3 exd4
15. Rd1 Qe8 16. Qxe8+ Rxe8 17. cxd4 a5 18. Be3 a4 19. Bc2 Nb4 20. Bd3 Nxd3 21.
Rxd3 Nc4 22. b3 Nxe3 23. Rxe3 Rxe3 24. fxe3 c5 25. Rc1 axb3 26. axb3 cxd4 27.
exd4 h6 28. Rc8+ Rf8 29. Rc2 Rf4 30. Kh2 Bf8 31. Rc8 Rf6 32. Rd8 Rd6 33. Rb8 b6
34. Ne5 Kg7 35. Rb7+ Kg8 36. Rb8 Kg7 37. Kg1 Rf6 38. Nd7 Rf4 39. g3 Rf7 40. Ne5
Bd6 41. Rxb6 Bxe5 42. dxe5 Rf3 43. Kg2 Re3 44. e6 Kf6 45. Kf2 d4 46. b4 Re4 47.
Kf3 1/2-1/2

[Event "Znojemska Rotunda Open 2024 - turnaj A"]
[Site "Loucky klaster ve Znojme – Klasterni, 671 81 Znojmo (stukove saly)"]
[Date "2024.06.26"]
[Round "5.4"]
[White "Zemlicka, Vit"]
[Black "Molik, Zdenek"]
[Result "1/2-1/2"]
[WhiteFideId "303143"]
[BlackFideId "314374"]
[WhiteElo "1998"]
[BlackElo "2131"]
[EventDate "2024.06.23"]

1. e4 e5 2. Nf3 Nf6 3. Nxe5 d6 4. Nf3 Nxe4 5. d4 d5 6. Bd3 Be7 7. O-O Nc6 8.
Nbd2 Nd6 9. c3 Bf5 10. Bxf5 Nxf5 11. Re1 O-O 12. Nf1 Qd6 13. Qd3 Nh4 1/2-1/2

[Event "Znojemska Rotunda Open 2024 - turnaj A"]
[Site "Loucky klaster ve Znojme – Klasterni, 671 81 Znojmo (stukove saly)"]
[Date "2024.06.26"]
[Round "5.5"]
[White "Vyskocil, Neklan"]
[Black "Praveen, K B"]
[Result "1-0"]
[WhiteFideId "307106"]
[BlackFideId "25618920"]
[WhiteElo "2288"]
[BlackElo "1771"]
[EventDate "2024.06.23"]

1. d4 d5 2. c4 e6 3. Nc3 Nf6 4. Nf3 c6 5. cxd5 exd5 6. Bg5 Be7 7. e3 Ne4 8.
Nxe4 dxe4 9. Bxe7 Qxe7 10. Nd2 O-O 11. Be2 Nd7 12. Qc2 Nf6 13. Qc5 Qxc5 14.
dxc5 Be6 15. Bc4 Rad8 16. Bxe6 fxe6 17. Ke2 Rd5 18. Rac1 Rg5 19. Rhg1 Re5 20.
h3 Rd8 21. Rgd1 Rdd5 22. b4 Rg5 23. g3 Rh5 24. h4 g5 25. hxg5 Rdxg5 26. a3 a5
27. Rc4 axb4 28. axb4 Re5 29. Rd4 Kf7 30. Nc4 Rd5 31. Nd6+ Ke7 32. Nxb7 Rh2 33.
Nd6 h5 34. Ra1 h4 35. Ra7+ Kd8 36. gxh4 Rxh4 37. b5 Rxd4 38. exd4 cxb5 39. Rf7
Nd5 40. c6 Ne7 41. Rxe7 Kxe7 42. c7 Rh8 43. c8=Q Rxc8 44. Nxc8+ Kd7 45. Na7 b4
46. Ke3 Kc7 47. Kxe4 Kb7 48. d5 exd5+ 49. Kxd5 Kxa7 50. Kc4 b3 51. Kxb3 Kb7 52.
Kc4 Kc6 53. Kd4 Kd6 54. Ke4 Ke6 55. Kf4 Kf6 56. f3 Kg6 57. Ke5 Kf7 58. Kf5 Kg8
59. Kg6 Kf8 60. f4 Kg8 61. f5 Kf8 62. Kf6 Kg8 63. Ke7 1-0

[Event "Znojemska Rotunda Open 2024 - turnaj A"]
[Site "Loucky klaster ve Znojme – Klasterni, 671 81 Znojmo (stukove saly)"]
[Date "2024.06.26"]
[Round "5.6"]
[White "Dvorak, Libor"]
[Black "Mayer, Josef"]
[Result "1-0"]
[WhiteFideId "316598"]
[BlackFideId "310972"]
[WhiteElo "1990"]
[BlackElo "1927"]
[EventDate "2024.06.23"]

1. Nf3 Nf6 2. c4 g6 3. g3 Bg7 4. Bg2 O-O 5. O-O d6 6. Nc3 e5 7. d3 Nc6 8. Rb1
a5 9. a3 Re8 10. Nd2 Bf5 11. e4 Bg4 12. f3 Bd7 13. f4 Qc8 14. Nf3 Bg4 15. Be3
Qd7 16. Qe1 Bxf3 17. Bxf3 Nd4 18. Bxd4 exd4 19. Nd5 Nxd5 20. cxd5 c5 21. b4
cxb4 22. axb4 a4 23. b5 f5 24. Rf2 Qc7 25. Qb4 Qc3 26. Qxd6 Qxd3 27. Rd1 Qxb5
28. e5 Bf8 29. Qf6 Bc5 30. d6 Qb3 31. Rd3 Rf8 32. Rxb3 Rxf6 33. Rxb7 Rff8 34.
Rc2 Rfc8 35. Rc7 Rxc7 36. dxc7 1-0

[Event "Znojemska Rotunda Open 2024 - turnaj A"]
[Site "Loucky klaster ve Znojme – Klasterni, 671 81 Znojmo (stukove saly)"]
[Date "2024.06.26"]
[Round "5.7"]
[White "Molik, Jakub"]
[Black "Marek, Jakub"]
[Result "1-0"]
[WhiteFideId "23732687"]
[BlackFideId "350702"]
[WhiteElo "1657"]
[BlackElo "1932"]
[EventDate "2024.06.23"]

1. e4 e5 2. Nf3 Nc6 3. d4 exd4 4. Nxd4 Nxd4 5. Qxd4 d6 6. Nc3 Qf6 7. Be3 Be7 8.
Nd5 Qxd4 9. Bxd4 Kd8 10. Bxg7 c6 11. Nxe7 Kxe7 12. Bxh8 f6 13. Bc4 Be6 14. Bxe6
Kxe6 15. f4 Ne7 16. Bg7 Kf7 17. e5 dxe5 18. fxe5 Kxg7 19. exf6+ Kxf6 20. O-O-O
Rg8 21. g3 Nd5 22. Rhf1+ Ke6 23. Rde1+ Kd6 24. Rf7 h5 25. Rxb7 h4 26. gxh4 Rg2
27. Rxa7 Rxh2 28. Ra4 Kc5 29. Rg4 Kd6 30. a4 Kc5 31. a5 Rh3 32. a6 Kb6 33. Ra4
 1-0

[Event "Znojemska Rotunda Open 2024 - turnaj A"]
[Site "Loucky klaster ve Znojme – Klasterni, 671 81 Znojmo (stukove saly)"]
[Date "2024.06.26"]
[Round "5.8"]
[White "Svoboda, Frantisek"]
[Black "Borkovec, Ondrej"]
[Result "1-0"]
[WhiteFideId "348937"]
[BlackFideId "23733853"]
[WhiteElo "1753"]
[BlackElo "1708"]
[EventDate "2024.06.23"]

1. e4 c5 2. a3 e6 3. b4 d5 4. bxc5 Bxc5 5. d4 Be7 6. e5 Nc6 7. Qg4 g6 8. Nf3 f5
9. Qg3 Qb6 10. Be3 Qb2 11. Bd3 Qxa1 12. O-O Qb2 13. h4 Bd7 14. Nbd2 Qb6 15. c4
Qc7 16. h5 g5 17. Bxg5 O-O-O 18. cxd5 exd5 19. Bf4 Be6 20. Qg7 Nh6 21. Qxh6 Qd7
22. Rc1 Bxa3 23. Rc2 Rdg8 24. Ng5 Re8 25. Nxe6 Rxe6 26. Qg5 h6 27. Qg3 Qf7 28.
Nc4 Bb4 29. Ne3 Kb8 30. Bxf5 Nxd4 31. Bxe6 Qxe6 32. Rb2 a5 33. Qg7 Rg8 34. Qxh6
Qh3 35. e6+ Ka8 36. Bg3 Rxg3 37. Qh8+ Ka7 38. Qxd4+ b6 39. fxg3 Qxg3 40. Rxb4
axb4 41. e7 Qg8 42. Nxd5 Qe6 43. Qxb6+ 1-0

[Event "Znojemska Rotunda Open 2024 - turnaj A"]
[Site "Loucky klaster ve Znojme – Klasterni, 671 81 Znojmo (stukove saly)"]
[Date "2024.06.26"]
[Round "5.10"]
[White "Hemala, Lubos"]
[Black "Vejlupek, Pavel"]
[Result "1-0"]
[WhiteFideId "336564"]
[BlackFideId "23759399"]
[WhiteElo "1907"]
[BlackElo "1713"]
[EventDate "2024.06.23"]
[PlyCount "75"]

1. e4 e5 2. Nf3 Nc6 3. Bc4 Bc5 4. c3 d6 5. d4 exd4 6. cxd4 Bb6 7. Bg5 Nge7 8.
h3 f6 9. Bc1 Bd7 10. a3 Ng6 11. O-O Qe7 12. Qd3 O-O-O 13. Nc3 Rdf8 14. Nd5 Qe8
15. Re1 Nce7 16. Nxb6+ axb6 17. b4 c6 18. Bb2 Kc7 19. Qc2 Qc8 20. Bf1 h5 21. a4
Kd8 22. Qd2 Qc7 23. b5 Be8 24. Rec1 Bf7 25. bxc6 bxc6 26. d5 c5 27. Nd4 Kd7 28.
Bb5+ Kd8 29. a5 Ne5 30. f4 Nd7 31. a6 Qa7 32. Ne6+ Bxe6 33. dxe6 Nb8 34. Qxd6+
Kc8 35. Bd7+ Nxd7 36. Qxe7 Rhg8 37. Rd1 Rd8 38. Rd6 1-0

[Event "Znojemska Rotunda Open 2024 - turnaj A"]
[Site "Loucky klaster ve Znojme – Klasterni, 671 81 Znojmo (stukove saly)"]
[Date "2024.06.27"]
[Round "6.1"]
[White "Adharsh, K"]
[Black "Sanket, Chakravarty"]
[Result "1/2-1/2"]
[WhiteFideId "25718207"]
[BlackFideId "25032038"]
[WhiteElo "1927"]
[BlackElo "2357"]
[EventDate "2024.06.23"]

1. e4 c5 2. Nf3 Nc6 3. d4 cxd4 4. Nxd4 e5 5. Nb5 d6 6. c4 g6 7. Be3 Be6 8. N1c3
a6 9. Na3 Nf6 10. Be2 Bg7 11. O-O O-O 12. Nc2 Rc8 13. b3 b5 14. cxb5 axb5 15.
Nxb5 Nxe4 16. f3 Nf6 17. Nxd6 Rb8 18. Bc5 Qa5 1/2-1/2

[Event "Znojemska Rotunda Open 2024 - turnaj A"]
[Site "Loucky klaster ve Znojme – Klasterni, 671 81 Znojmo (stukove saly)"]
[Date "2024.06.27"]
[Round "6.2"]
[White "Bures, Jaroslav"]
[Black "Manik, Mikulas"]
[Result "1-0"]
[WhiteFideId "322890"]
[BlackFideId "14900734"]
[WhiteElo "2418"]
[BlackElo "2343"]
[EventDate "2024.06.23"]

1. d4 Nf6 2. c4 g6 3. Nc3 Bg7 4. e4 d6 5. Nf3 O-O 6. Be2 e5 7. O-O h6 8. dxe5
dxe5 9. Be3 Ng4 10. Bc5 Qxd1 11. Rfxd1 Re8 12. Nd5 Na6 13. Ba3 c5 14. Nd2 Nf6
15. f3 b6 16. Nb1 Nxd5 17. cxd5 Nb4 18. Bxb4 cxb4 19. a3 bxa3 20. Nxa3 Bf8 21.
Bb5 Rd8 22. Nc4 Bc5+ 23. Kf1 Bd4 24. Bc6 Rb8 25. Rxd4 exd4 26. Rxa7 b5 27. Ne5
Rb6 28. Nxf7 Rf8 29. Nxh6+ Kh8 30. Nf7+ Kg8 31. Nd6 Bg4 1-0

[Event "Znojemska Rotunda Open 2024 - turnaj A"]
[Site "Loucky klaster ve Znojme – Klasterni, 671 81 Znojmo (stukove saly)"]
[Date "2024.06.27"]
[Round "6.4"]
[White "Luc, Martin"]
[Black "Zemlicka, Vit"]
[Result "0-1"]
[WhiteFideId "390356"]
[BlackFideId "303143"]
[WhiteElo "1822"]
[BlackElo "1998"]
[EventDate "2024.06.23"]

1. e4 e5 2. Nf3 Nc6 3. Bc4 Nf6 4. Ng5 d5 5. exd5 Na5 6. Bb5+ c6 7. dxc6 bxc6 8.
Be2 h6 9. Nf3 e4 10. Ne5 Bc5 11. O-O Qd6 12. Ng4 Bxg4 13. Bxg4 h5 14. Bh3 Ng4
15. g3 Nxf2 16. Rxf2 h4 17. d4 hxg3 18. Rd2 Rxh3 19. dxc5 Qxc5+ 20. Kh1 Qf5 21.
Nc3 Ke7 22. b3 f6 23. Ba3+ Kf7 24. Qf1 Qh7 25. Rd7+ Kg6 26. Nxe4 Rxh2+ 27. Kg1
Rh1+ 28. Kg2 Qh3+ 0-1